Normal view
MARC view
- Rahat Ullah
Entry Personal Name
001 - CONTROL NUMBER
- control field: 51747
003 - CONTROL NUMBER IDENTIFIER
- control field: NUST
005 - DATE AND TIME OF LATEST TRANSACTION
- control field: 20210314135049.0
008 - FIXED-LENGTH DATA ELEMENTS
- fixed length control field: 210314|| aca||aabn | a|a d
040 ## - CATALOGING SOURCE
- Original cataloging agency: NUST
- Transcribing agency: NUST
100 ## - HEADING--PERSONAL NAME
- Personal name: Rahat Ullah
670 ## - SOURCE DATA FOUND
- Source citation: Work cat.: (NUST): Rahat Ullah , Evaluating the effects of stone dust and glass powder on the flexural behavior of reinforced concrete beam and bond strength of concrete , 2019.
